The Zone - The Weeknd Lyrics - Statistics

General Stats
  • This quiz has been taken 67 times
  • The average score is 108 of 158
Answer Stats
HINT LYRICS % Correct
zone
98%
I
95%
in
93%
let
93%
me
93%
my
93%
you
93%
a
88%
get
88%
I'm
88%
to
88%
I'ma
83%
i'ma
83%
this
80%
touch
80%
love
78%
2x | 3x right
78%
PreC | V2 And
75%
be
75%
damn
75%
her
75%
slow
75%
so
75%
PreC So,
75%
the
75%
baby?
73%
baby
73%
can't
73%
don't
73%
I'll
73%
it
73%
oh
73%
sip
73%
making
70%
thing
70%
Just
68%
through
68%
want
68%
feel
65%
it's
65%
yeah,
65%
yeah
65%
But
63%
but
63%
eyes
63%
i'ma
63%
see
63%
tonight,
63%
tonight
63%
us
63%
won't
63%
alone
60%
closed
60%
die
60%
for
60%
give
60%
keep
60%
only
60%
V1 Why
60%
all
58%
what
58%
Intro Ooh,
55%
ooh
55%
ooh,
55%
rushing
55%
been
50%
lemme
50%
need
50%
'til
50%
before
48%
called
48%
fall,
48%
felt
48%
ground
48%
I've
48%
no
48%
too
48%
long
45%
one
43%
lean,
40%
left
40%
behind,
38%
didn't
38%
say
35%
2x ahh
30%
ahh,
30%
ohh
28%
ohh,
28%
No matching quizzes found
Score Distribution
Percent of People with Each Score
Percentile by Number Answered
Your Score History
You have not taken this quiz